| 000 | 00901nam a22002177a 4500 | ||
|---|---|---|---|
| 999 |
_c13957 _d13957 |
||
| 003 | AR-CdUCM | ||
| 008 | 190417b ||||| |||| 00| 0 spa d | ||
| 040 |
_aMUNICIPALIDAD PROVINCIAL DEL CUSCO _cBIBLIOTECA MUNICIPAL DEL CUSCO |
||
| 082 |
_22ed. _a612 / _bM26 |
||
| 100 |
_aMarañon, Gregorio _93567 |
||
| 245 |
_aGordos y flacos : _bestado actual del problema de la patología del peso humano / |
||
| 260 |
_aSantiago de Chile : _bCultura, _c1934. |
||
| 300 |
_a91 páginas ; _c19 cm. |
||
| 440 |
_aHombres e ideas ; _927967 |
||
| 505 | _aContenido: Por que es gordo o flaco -- Ventajas e inconvenientes de la obesidad y la delgadez -- El peso y la psicología -- El peso y la moda -- Profilaxia y tratamiento de la obesidad y la delgadez. | ||
| 650 |
_aFisiología humana _932178 |
||
| 650 |
_aNutrición _92384 |
||
| 650 |
_aPsicología _91538 |
||
| 942 |
_2ddc _cLIBROS |
||
| 945 |
_aacv _d2019-04-17 |
||